[Event "Remote 7er 0102 email"]
[Site "Remote email"]
[Date "2014.01.26"]
[Round "?"]
[White "Richter, Wolfgang"]
[Black "Bonow, Valdir Maas"]
[Result "1-0"]
[WhiteElo "2407"]
[BlackElo "1905"]
[PlyCount "33"]
[EventDate "2014.??.??"]
[EventType "tourn (corr)"]
[EventRounds "6"]
[EventCountry "GER"]
[SourceTitle "Corr 2015"]
[Source "ChessBase"]
[SourceDate "2015.07.17"]
[SourceVersion "1"]
[SourceVersionDate "2015.07.17"]
[SourceQuality "1"]

1. e4 c5 2. Nf3 Nc6 3. d4 cxd4 4. Nxd4 e5 5. Nb5 Nf6 6. Bg5 Be7 7. Bxf6 Bxf6 8. Nd6+ Ke7 9. Nc3 Nd4 10. Nc4 d6 11. Nd5+ Ke8 12. c3 Nc6 13. Qb3 Ne7 14. Nxf6+ gxf6 15. 0-0-0 f5 16. Nxd6+ Kf8 17. Qxf7# 1-0

[Event "Remote 11er 0045 email"]
[Site "Remote email"]
[Date "2013.11.17"]
[Round "?"]
[White "Bonow, Valdir Maas"]
[Black "Grimm, Wolfgang"]
[Result "0-1"]
[WhiteElo "1891"]
[BlackElo "2006"]
[PlyCount "68"]
[EventDate "2013.??.??"]
[EventType "tourn (corr)"]
[EventRounds "10"]
[EventCountry "GER"]
[SourceTitle "Corr 2015"]
[Source "ChessBase"]
[SourceDate "2015.07.17"]
[SourceVersion "1"]
[SourceVersionDate "2015.07.17"]
[SourceQuality "1"]

1. e4 Nc6 2. Nf3 e5 3. Bb5 a6 4. Ba4 Bc5 5. d4 exd4 6. Bxc6 dxc6 7. 0-0 Be6 8. c3 dxc3 9. Nxc3 Ne7 10. Bf4 0-0 11. Rc1 Rc8 12. Qe2 Ng6 13. Be3 Bd6 14. Rcd1 Qe7 15. Nd4 Qh4 16. g3 Qh3 17. Nxe6 fxe6 18. f4 Rcd8 19. e5 Be7 20. Kh1 a5 21. Bg1 Bb4 22. Ne4 Be7 23. a3 Qf5 24. Rxd8 Rxd8 25. Rc1 Rd5 26. Rc3 Nf8 27. Rb3 b6 28. Rc3 c5 29. Rc1 Ng6 30. b4 cxb4 31. axb4 Bxb4 32. Rxc7 b5 33. Rc8+ Nf8 34. Bb6 a4 0-1

[Event "Remote 11er 0045 email"]
[Site "Remote email"]
[Date "2013.11.17"]
[Round "?"]
[White "Bonow, Valdir Maas"]
[Black "Traut, Gerhard"]
[Result "0-1"]
[WhiteElo "1905"]
[BlackElo "2351"]
[PlyCount "52"]
[EventDate "2013.??.??"]
[EventType "tourn (corr)"]
[EventRounds "10"]
[EventCountry "GER"]
[SourceTitle "Corr 2015"]
[Source "ChessBase"]
[SourceDate "2015.07.17"]
[SourceVersion "1"]
[SourceVersionDate "2015.07.17"]
[SourceQuality "1"]

1. e4 c5 2. Nf3 Nc6 3. d4 cxd4 4. Nxd4 Nf6 5. Nc3 e5 6. Nxc6 bxc6 7. Bg5 Rb8 8. Rb1 Bb4 9. Bc4 0-0 10. 0-0 h6 11. Be3 Bxc3 12. bxc3 Rxb1 13. Qxb1 Nxe4 14. Qb3 Qa5 15. Qb4 Qxb4 16. cxb4 d5 17. Bd3 Nc3 18. a3 e4 19. Bxe4 Nxe4 20. Bxa7 Nc3 21. Re1 Bf5 22. Bd4 Nb5 23. Bc5 Ra8 24. f3 Bxc2 25. Kf2 d4 26. Bxd4 Nxd4 0-1

[Event "Remote Master email"]
[Site "Remote email"]
[Date "2013.02.10"]
[Round "?"]
[White "Bonow, Valdir Maas"]
[Black "Boehme, Sebastian"]
[Result "0-1"]
[WhiteElo "1905"]
[BlackElo "2512"]
[PlyCount "84"]
[EventDate "2013.??.??"]
[EventType "swiss (corr)"]
[EventRounds "6"]
[EventCountry "GER"]
[SourceTitle "Corr 2015"]
[Source "ChessBase"]
[SourceDate "2015.07.17"]
[SourceVersion "1"]
[SourceVersionDate "2015.07.17"]
[SourceQuality "1"]

1. d4 f5 2. c4 e6 3. g3 Nf6 4. Bg2 c6 5. Nf3 d5 6. cxd5 cxd5 7. Nc3 Bd6 8. 0-0 Nc6 9. Nb5 Bb8 10. Bg5 Qb6 11. Qb3 Ne4 12. e3 Bd7 13. Nc3 Nxg5 14. Nxg5 Qxb3 15. axb3 h6 16. Nh3 g5 17. f4 Rg8 18. fxg5 hxg5 19. Nf2 Nb4 20. Rac1 Bd6 21. g4 Bc6 22. gxf5 exf5 23. Nh3 Rh8 24. Rxf5 Bd7 25. Rxg5 Bxh3 26. Bxh3 Rxh3 27. Rg8+ Bf8 28. Rf1 Ke7 29. Rg5 Rh6 30. Nxd5+ Nxd5 31. Rxd5 Re6 32. Rf3 Rc8 33. Rdf5 Bh6 34. Rf7+ Ke8 35. b4 Bxe3+ 36. Kg2 Rc2+ 37. Kh3 Rh6+ 38. Kg4 Rg2+ 39. Kf5 Kxf7 40. Rxe3 Rf6+ 41. Ke4 Re6+ 42. Kd3 Rxe3+ 0-1

[Event "Remote 4er 0220 email"]
[Site "Remote email"]
[Date "2012.08.03"]
[Round "?"]
[White "Bonow, Valdir Maas"]
[Black "Tortoza, Carlos Alberto"]
[Result "1-0"]
[WhiteElo "2003"]
[BlackElo "1677"]
[PlyCount "75"]
[EventDate "2012.??.??"]
[EventType "tourn (corr)"]
[EventRounds "6"]
[EventCountry "GER"]
[SourceTitle "Corr 2015"]
[Source "ChessBase"]
[SourceDate "2015.07.17"]
[SourceVersion "1"]
[SourceVersionDate "2015.07.17"]
[SourceQuality "1"]

1. e4 b6 2. Nc3 Bb7 3. Nf3 d6 4. d4 e6 5. Bd3 Be7 6. 0-0 Nf6 7. Re1 0-0 8. Be3 Ng4 9. Bf4 g5 10. Nxg5 Nxf2 11. Kxf2 Bxg5 12. Qg4 h6 13. h4 f6 14. hxg5 fxg5 15. g3 Qf6 16. e5 Nd7 17. exf6 Nxf6 18. Qxe6+ Rf7 19. Bd2 Re8 20. Qc4 Ng4+ 21. Kg1 d5 22. Qb5 Rxe1+ 23. Rxe1 Kg7 24. Nxd5 c6 25. Qb3 cxd5 26. Qa3 Nf6 27. Re7 a5 28. Re3 Bc8 29. c4 Ne4 30. Bxe4 dxe4 31. Rxe4 Be6 32. Rxe6 Rd7 33. Re7+ Rxe7 34. Qxe7+ Kg6 35. Qe6+ Kh5 36. g4+ Kh4 37. Kg2 a4 38. Be1# 1-0

[Event "Remote 4er 0220 email"]
[Site "Remote email"]
[Date "2012.08.03"]
[Round "?"]
[White "Tortoza, Carlos Alberto"]
[Black "Bonow, Valdir Maas"]
[Result "1-0"]
[WhiteElo "1677"]
[BlackElo "2003"]
[PlyCount "91"]
[EventDate "2012.??.??"]
[EventType "tourn (corr)"]
[EventRounds "6"]
[EventCountry "GER"]
[SourceTitle "Corr 2015"]
[Source "ChessBase"]
[SourceDate "2015.07.17"]
[SourceVersion "1"]
[SourceVersionDate "2015.07.17"]
[SourceQuality "1"]

1. g3 d5 2. Bg2 Nf6 3. d4 b6 4. Nc3 Bb7 5. Bf4 e6 6. Nf3 Nc6 7. a3 Bd6 8. Ne5 Nxe5 9. dxe5 g5 10. exd6 gxf4 11. 0-0 Qxd6 12. Qd3 fxg3 13. fxg3 Nd7 14. Qd4 Qe5 15. Qg4 0-0-0 16. Qf3 f5 17. Rad1 Nf6 18. Rd3 Rd6 19. Nb5 Rdd8 20. c3 Rhg8 21. Nxa7+ Kb8 22. Nb5 Ba6 23. a4 c6 24. Re3 Ne4 25. Qh5 Qg7 26. Nd4 Nf6 27. Qh4 Rde8 28. Nxc6+ Kc7 29. Ne5 Qg5 30. Rf4 Qg7 31. Bh3 Ne4 32. g4 fxg4 33. Nxg4 e5 34. Rf5 Qg6 35. Ref3 Bxe2 36. Kh1 Bxf3+ 37. Rxf3 Nd2 38. Rf2 Nc4 39. b4 e4 40. Rg2 Qc6 41. a5 Rg7 42. Nf6 Rd8 43. Rxg7+ Kb8 44. Nxe4 dxe4 45. Qxd8+ Qc8 46. Qxc8# 1-0

[Event "Remote 4er email"]
[Site "Remote email"]
[Date "2012.08.02"]
[Round "?"]
[White "Bonow, Valdir Maas"]
[Black "Baer, Cy"]
[Result "1-0"]
[WhiteElo "1950"]
[BlackElo "1881"]
[PlyCount "45"]
[EventDate "2012.??.??"]
[EventType "tourn (corr)"]
[EventRounds "6"]
[EventCountry "GER"]
[SourceTitle "Corr 2015"]
[Source "ChessBase"]
[SourceDate "2015.07.17"]
[SourceVersion "1"]
[SourceVersionDate "2015.07.17"]
[SourceQuality "1"]

1. Nf3 Nc6 2. e4 e5 3. Bb5 Nge7 4. 0-0 g6 5. d3 Bg7 6. Nc3 0-0 7. Bg5 Qe8 8. Qd2 a6 9. Ba4 h6 10. Bh4 Nd4 11. Nxd4 exd4 12. Nd5 Nxd5 13. exd5 Qe5 14. Bb3 c5 15. Rae1 Qh5 16. Bg3 b5 17. Bd6 c4 18. dxc4 Bb7 19. Bxf8 Kxf8 20. Qa5 Be5 21. g3 Re8 22. f4 Bb8 23. Rxe8+ 1-0

[Event "Remote 4er email"]
[Site "Remote email"]
[Date "2012.08.02"]
[Round "?"]
[White "Bonow, Valdir Maas"]
[Black "Valverde Lopez, Mario"]
[Result "0-1"]
[WhiteElo "1950"]
[BlackElo "2253"]
[PlyCount "80"]
[EventDate "2012.??.??"]
[EventType "tourn (corr)"]
[EventRounds "6"]
[EventCountry "GER"]
[SourceTitle "Corr 2015"]
[Source "ChessBase"]
[SourceDate "2015.07.17"]
[SourceVersion "1"]
[SourceVersionDate "2015.07.17"]
[SourceQuality "1"]

1. Nf3 Nf6 2. d4 d5 3. c4 e6 4. Nc3 c6 5. e3 Nbd7 6. Be2 Bd6 7. 0-0 0-0 8. b3 b6 9. Bb2 Qe7 10. cxd5 exd5 11. Qc2 Bb7 12. Rfd1 h6 13. Qd3 Ne4 14. a3 a5 15. Qc2 Nxc3 16. Bxc3 Bxa3 17. Nh4 Qxh4 18. Rxa3 Rfe8 19. b4 axb4 20. Bxb4 c5 21. Rxa8 Rxa8 22. Bc3 c4 23. Rb1 Bc6 24. Bf3 b5 25. Bb4 Nf6 26. Be7 Qg5 27. Qb2 Qf5 28. Re1 Qg6 29. Bb4 Ne4 30. Qb1 Bd7 31. Qb2 Ra4 32. Bd1 Bh3 33. g3 Qf5 34. f4 Ra6 35. Bc2 Qe6 36. Ra1 Rxa1+ 37. Qxa1 Bf5 38. Bd1 Nxg3 39. Bd2 Qg6 40. Be1 Ne4+ 0-1

[Event "Remote 11er 0041 email"]
[Site "Remote email"]
[Date "2012.06.09"]
[Round "?"]
[White "Carlsen, Torben Erik"]
[Black "Bonow, Valdir Maas"]
[Result "0-1"]
[WhiteElo "2348"]
[BlackElo "2001"]
[PlyCount "56"]
[EventDate "2012.??.??"]
[EventType "tourn (corr)"]
[EventRounds "10"]
[EventCountry "GER"]
[SourceTitle "Corr 2015"]
[Source "ChessBase"]
[SourceDate "2015.07.17"]
[SourceVersion "1"]
[SourceVersionDate "2015.07.17"]
[SourceQuality "1"]

1. e4 e6 2. d4 d5 3. Nd2 c5 4. Ngf3 Nc6 5. exd5 exd5 6. Bb5 cxd4 7. 0-0 Bd6 8. Nb3 Nge7 9. Nbxd4 Bd7 10. Re1 Nxd4 11. Qxd4 0-0 12. Bxd7 Qxd7 13. Bd2 Rac8 14. Bc3 f6 15. Qxa7 Ng6 16. Qe3 Bf4 17. Qd3 Rfe8 18. Rxe8+ Rxe8 19. Rd1 Ne5 20. Bxe5 Bxe5 21. Nxe5 Rxe5 22. f4 Re8 23. Qxd5+ Qxd5 24. Rxd5 Re2 25. Rd8+ Kf7 26. Rd7+ Ke6 27. Rxg7 Rxc2 28. Rxb7 h5 0-1

[Event "Remote 11er 0041 email"]
[Site "Remote email"]
[Date "2012.06.09"]
[Round "?"]
[White "Santos, Pedro Miguel da Ros"]
[Black "Bonow, Valdir Maas"]
[Result "1-0"]
[WhiteElo "1761"]
[BlackElo "2001"]
[PlyCount "157"]
[EventDate "2012.??.??"]
[EventType "tourn (corr)"]
[EventRounds "10"]
[EventCountry "GER"]
[SourceTitle "Corr 2015"]
[Source "ChessBase"]
[SourceDate "2015.07.17"]
[SourceVersion "1"]
[SourceVersionDate "2015.07.17"]
[SourceQuality "1"]

1. e4 e6 2. d4 d5 3. e5 c5 4. Nf3 Nc6 5. Be3 cxd4 6. Bxd4 Bd7 7. Be2 Nxd4 8. Nxd4 Qb6 9. b3 f6 10. Nf3 fxe5 11. Nxe5 Bc5 12. 0-0 Nf6 13. c3 0-0 14. b4 Bd6 15. Nxd7 Nxd7 16. a4 Rf7 17. a5 Qc7 18. g3 Nf6 19. Re1 Re7 20. Qb3 Rc8 21. Bf3 Qc4 22. Qxc4 Rxc4 23. Ra2 e5 24. Ra3 e4 25. Bd1 Be5 26. Be2 Rcc7 27. Rb3 Re8 28. b5 Rcc8 29. Rc1 Rc7 30. c4 dxc4 31. Rb4 Rd7 32. Bxc4+ Kf8 33. Na3 Bd6 34. Rb3 Bc5 35. Nc2 Red8 36. Ne3 b6 37. a6 Rd2 38. Rf1 Bxe3 39. Rxe3 Rc2 40. Be6 Rb2 41. Rb3 Rxb3 42. Bxb3 Rd3 43. Bc4 Rc3 44. Be2 Ke7 45. Rb1 Ke6 46. Rd1 Rc2 47. Kf1 Nd5 48. Bg4+ Ke5 49. Re1 g6 50. Bd7 Rb2 51. Bc6 h5 52. Be8 g5 53. Rc1 Kd4 54. Rd1+ Ke5 55. Bxh5 Rxb5 56. Rc1 Rc5 57. Re1 Nb4 58. Bf7 Nxa6 59. f3 Kf6 60. Bh5 exf3 61. Bxf3 Nb4 62. Ra1 a5 63. Rd1 Nc2 64. Rd6+ Ke5 65. Rxb6 a4 66. Ra6 a3 67. Bd1 Nd4 68. Rxa3 Rc1 69. Re3+ Kd5 70. Re1 Nf5 71. Bb3+ Rc4 72. Bxc4+ Kxc4 73. Re5 Nd6 74. Rxg5 Ne4 75. Rg4 Kd5 76. Ke2 Nf6 77. Kf3 Ke5 78. Rg5+ Ke6 79. h4 1-0

[Event "Remote 7er 0085 email"]
[Site "Remote email"]
[Date "2011.11.24"]
[Round "?"]
[White "Bonow, Valdir Maas"]
[Black "Knoeppel, Bjoern"]
[Result "0-1"]
[WhiteElo "1921"]
[BlackElo "1985"]
[PlyCount "50"]
[EventDate "2011.??.??"]
[EventType "tourn (corr)"]
[EventRounds "6"]
[EventCountry "GER"]
[SourceTitle "Corr 2015"]
[Source "ChessBase"]
[SourceDate "2015.07.17"]
[SourceVersion "1"]
[SourceVersionDate "2015.07.17"]
[SourceQuality "1"]

1. e4 d5 2. e5 c5 3. Nf3 Nc6 4. d4 cxd4 5. Nxd4 Nxe5 6. Bb5+ Nd7 7. Bf4 a6 8. Bxd7+ Bxd7 9. 0-0 e6 10. Nc3 Nf6 11. Qd3 Be7 12. Rae1 0-0 13. a3 Rc8 14. Qe3 Nh5 15. Nce2 Nxf4 16. Nxf4 Bg5 17. Qg3 Bf6 18. Rd1 e5 19. Nde2 exf4 20. Nxf4 Rxc2 21. Rxd5 Qc7 22. Rdd1 Bb5 23. Rfe1 Be5 24. Rxe5 Qxe5 25. b4 Rd2 0-1

[Event "Remote 7er 0085 email"]
[Site "Remote email"]
[Date "2011.11.24"]
[Round "?"]
[White "Bonow, Valdir Maas"]
[Black "Richter, Wolfgang"]
[Result "0-1"]
[WhiteElo "1921"]
[BlackElo "2186"]
[PlyCount "90"]
[EventDate "2011.??.??"]
[EventType "tourn (corr)"]
[EventRounds "6"]
[EventCountry "GER"]
[SourceTitle "Corr 2015"]
[Source "ChessBase"]
[SourceDate "2015.07.17"]
[SourceVersion "1"]
[SourceVersionDate "2015.07.17"]
[SourceQuality "1"]

1. e4 e5 2. Nf3 Nc6 3. Bb5 a6 4. Ba4 b5 5. Bb3 Nf6 6. 0-0 Bb7 7. Nc3 Bc5 8. d3 0-0 9. Be3 Bxe3 10. fxe3 d6 11. a4 Na5 12. Ba2 b4 13. Nd5 Bxd5 14. Bxd5 Nxd5 15. exd5 c6 16. dxc6 Rc8 17. Rc1 Qb6 18. d4 Qxc6 19. dxe5 Nc4 20. Qd4 dxe5 21. Nxe5 Nxe5 22. Qxe5 Qxa4 23. Rf4 Rxc2 24. Rxc2 Qxc2 25. Rf2 Qc6 26. Qd4 a5 27. Rf5 Qc1+ 28. Rf1 Qc7 29. Qd5 Rd8 30. Qf5 Rd2 31. Qe4 g6 32. b3 Kg7 33. Qf4 Qxf4 34. exf4 Ra2 35. Rb1 Kf6 36. g4 h5 37. h3 hxg4 38. hxg4 Ke6 39. Rd1 a4 40. bxa4 b3 41. Rb1 b2 42. Kf2 Kd5 43. Ke3 Kc4 44. f5 Kb3 45. fxg6 fxg6 0-1

[Event "Remote 7er 0085 email"]
[Site "Remote email"]
[Date "2011.11.24"]
[Round "?"]
[White "Valverde Lopez, Mario"]
[Black "Bonow, Valdir Maas"]
[Result "1-0"]
[WhiteElo "2084"]
[BlackElo "1921"]
[PlyCount "83"]
[EventDate "2011.??.??"]
[EventType "tourn (corr)"]
[EventRounds "6"]
[EventCountry "GER"]
[SourceTitle "Corr 2015"]
[Source "ChessBase"]
[SourceDate "2015.07.17"]
[SourceVersion "1"]
[SourceVersionDate "2015.07.17"]
[SourceQuality "1"]

1. f4 Nf6 2. Nf3 d5 3. e3 Bg4 4. Be2 e6 5. 0-0 Nc6 6. Nc3 Bd6 7. b3 0-0 8. Bb2 Qd7 9. Nb5 Be7 10. Ne5 Nxe5 11. Bxe5 Bxe2 12. Qxe2 a6 13. Nd4 c5 14. Nf3 Ng4 15. Bc3 b5 16. a3 Rfc8 17. h3 Nf6 18. d3 d4 19. Bb2 dxe3 20. Ne5 Qd5 21. Rae1 Qd6 22. Qxe3 Nd5 23. Qe4 Bf6 24. f5 exf5 25. Qxf5 Ne7 26. Qe4 Ng6 27. Nxg6 hxg6 28. Bxf6 gxf6 29. Qf4 Qxf4 30. Rxf4 f5 31. Re5 Kg7 32. g4 fxg4 33. hxg4 Ra7 34. Kg2 Rcc7 35. Kg3 Rc6 36. g5 Rd7 37. a4 b4 38. Rc4 Rdc7 39. Rd5 a5 40. Kf4 f6 41. Rd8 Ra7 42. d4 1-0

[Event "CFriend Christmas email"]
[Site "Chessfriend.com"]
[Date "2006.12.12"]
[Round "?"]
[White "Achermann, Josef"]
[Black "Bonow, Valdir Maas"]
[Result "1-0"]
[WhiteElo "1906"]
[BlackElo "2173"]
[PlyCount "53"]
[EventDate "2006.??.??"]
[EventType "tourn (corr)"]
[EventRounds "14"]
[EventCountry "GER"]
[SourceTitle "Corr 2011"]
[Source "ChessBase"]
[SourceDate "2010.08.31"]
[SourceVersion "1"]
[SourceVersionDate "2010.08.31"]
[SourceQuality "1"]

1. e4 c5 2. Nc3 Nc6 3. f4 d5 4. Nxd5 e6 5. Nc3 Nf6 6. Nf3 Be7 7. Bb5 0-0 8. Bxc6 bxc6 9. Ne5 Bb7 10. d3 a5 11. 0-0 Nd7 12. Nxd7 Qxd7 13. Be3 h6 14. Na4 c4 15. Nb6 Qc7 16. Nxa8 Bxa8 17. Qg4 Bd6 18. e5 Bb4 19. a3 Be7 20. dxc4 f5 21. Qg6 Qc8 22. Rad1 Rd8 23. Qh5 Rf8 24. Rd2 Qa6 25. Rd7 Bd8 26. Qg6 Rf7 27. Qxf7+ 1-0

[Event "CFriend Christmas email"]
[Site "Chessfriend.com"]
[Date "2006.12.12"]
[Round "?"]
[White "Bonow, Valdir Maas"]
[Black "Martello, Juan Alberto"]
[Result "0-1"]
[WhiteElo "2173"]
[BlackElo "2145"]
[PlyCount "60"]
[EventDate "2006.??.??"]
[EventType "tourn (corr)"]
[EventRounds "14"]
[EventCountry "GER"]
[SourceTitle "Corr 2011"]
[Source "ChessBase"]
[SourceDate "2010.08.31"]
[SourceVersion "1"]
[SourceVersionDate "2010.08.31"]
[SourceQuality "1"]

1. e4 d5 2. e5 c5 3. Nf3 Nc6 4. d4 Bg4 5. Be2 e6 6. c3 Bxf3 7. Bxf3 cxd4 8. cxd4 Qb6 9. 0-0 Qxd4 10. Re1 Bb4 11. Bd2 Qxb2 12. Bxb4 Qxa1 13. a3 Nxb4 14. axb4 Ne7 15. h3 0-0 16. Bg4 Nc6 17. b5 Nxe5 18. Rxe5 Qxe5 19. Nd2 Rac8 20. Qa4 Rc1+ 21. Nf1 Qe1 22. Bd1 Rxd1 23. Qxa7 Qxf1+ 24. Kh2 Qh1+ 25. Kg3 Rg1 26. Kf3 Qxg2+ 27. Ke2 Qe4+ 28. Qe3 Qxe3+ 29. fxe3 Ra8 30. Kf2 Rb1 0-1